The Virtual Accounting Assistant: A Humanized and Expanded Analysis
V posledných rokoch zavedenie vzdialených a cloudových služieb umožnilo vznik novej profesionálnej triedy: virtuálneho účtovného asistenta (VAA). Zatiaľ čo účtovníctvo a finančná podpora boli dlho kľúčovými funkciami obchodných operácií, virtuálny účtovný asistent (VAA) využíva digitálne platformy,...
Enregistré dans:
| Auteur principal: | |
|---|---|
| Format: | Chapitre de livre |
| Langue: | anglais |
| Sujets: | |
| Tags: |
Pas de tags, Soyez le premier à ajouter un tag!
|
MARC
| LEADER | 00000naa$a2200000$$$4500 | ||
|---|---|---|---|
| 001 | 0315420 | ||
| 005 | 20260317132113.0 | ||
| 041 | 0 | |a eng | |
| 044 | |a HU | ||
| 245 | 1 | 0 | |a The Virtual Accounting Assistant: A Humanized and Expanded Analysis |c Árpád Lángyi |
| 520 | |a V posledných rokoch zavedenie vzdialených a cloudových služieb umožnilo vznik novej profesionálnej triedy: virtuálneho účtovného asistenta (VAA). Zatiaľ čo účtovníctvo a finančná podpora boli dlho kľúčovými funkciami obchodných operácií, virtuálny účtovný asistent (VAA) využíva digitálne platformy, automatizáciu a modely distribuovanej pracovnej sily na poskytovanie účtovných služieb s väčšou flexibilitou, nákladovou efektívnosťou a škálovateľnosťou. Dokument skúma definíciu a úlohy virtuálneho účtovného asistenta, načrtáva hlavné faktory jeho zavedenia, analyzuje kľúčové výhody a výzvy a predstavuje záverečné úvahy o budúcom vývoji a regulačných aspektoch. | ||
| 610 | 2 | 0 | |a účtovníctvo |
| 610 | 2 | 0 | |a digitalizácia |
| 610 | 2 | 0 | |a transformácia digitálna |
| 610 | 2 | 0 | |a automatizácia |
| 610 | 2 | 0 | |a inteligencia umelá |
| 100 | 1 | |a Lángyi, Árpád, 1974- | |